3r Cicle de Música de Cambra : 1984 1984
Descripción Física:
[5] p. ; 21 cm
Otros Autores:
Residència Universitària Ramon Llull (Barcelona)
MARC
| LEADER | 00000nam a2200000Ia 4500 | ||
|---|---|---|---|
| 001 | 14870 | ||
| 008 | 160829s1984 xx 000 0 cat d | ||
| 080 | |a FU-31-47 | ||
| 100 | |a Cicle de Música de Cambra (3r : 1984 : Barcelona) |9 26497 | ||
| 245 | |a 3r Cicle de Música de Cambra : |b 1984 | ||
| 260 | |a [Barcelona] : |b Diputació de Barcelona, Residència Universitària Ramon Llull, |c 1984 | ||
| 300 | |a [5] p. ; |c 21 cm | ||
| 650 | |a Concerts (Execució musical) |x Programes |9 43539 | ||
| 650 | |a Música de cambra |9 26496 | ||
| 700 | |a Residència Universitària Ramon Llull (Barcelona) | ||
| 710 | 1 | |a Barcelona (Catalunya : Província). |b Diputació |9 52408 | |
| 901 | |a Arxiu | ||
| 942 | |n 1 | ||
| 952 | |0 0 |1 0 |4 0 |6 FU3147 |7 1 |9 44003 |a Arxiu |b Arxiu |d 2016-12-01 |l 0 |o FU-31-47 |p 14870 |r 2016-12-01 00:00:00 |w 2016-12-01 |y ARXIU | ||
| 999 | |c 46583 |d 46583 | ||